000 01044nam a2200277 a 4500
001 000010796
005 20200929162308.0
008 091012s2001 sp 001 0 spa d
020 _a8474325501
040 _aDO-SdBNP
082 _a401.41
_bF113t
100 1 _aFabbri, Paolo
_926078
245 1 0 _aTácticas de los signos :
_bensayo de semiótica /
_cPaolo Fabbri ; selección de textos y revisión técnica por Lucrecia Escudero ; traducción Alfredo Báez.
260 _aBarcelona, España :
_bGedisa,
_c2001.
300 _a361 p. ;
_c23 cm.
490 1 _aEl Mamífero Parlante;
_aMayor
500 _aIncluye datos biográficos del autor en la contracubierta
504 _aBibliografía: p.360-361.
650 4 _aSemiótica
_xEnsayos, conferencias, etc.
_926079
650 4 _aSimbolismo
_xEnsayos, conferencias, etc.
_926080
700 1 _aEscudero, Lucrecia
_ecomp.
_926081
700 1 _aBáez, Alfredo
_etrad.
_926082
830 0 _aEl Mamífero Parlante;
_pMayor
_926083
910 _aValidado. Control de calidad EMS
049 _aBNPD
999 _c10545
_d10545